• 首页
  • 本馆介绍
  • 公告通知
  • 最新文献
  • 馆藏检索
  • 电子资源
  • 读者导购
  • 参考咨询
  • 我的图书馆
  • 登录
  • 详细信息显示
  • 放入我的书架
  • 预约/预借图书
  • 作者相关作品
  • 分类相关作品
  • 丛书相关作品
  • 出版社相关作品

书目信息

  • 表格格式
  • 工作单格式
  • 卡片格式
题名:
人民公社农业生产劳动中的安全卫生
    
 
作者: 盖玉琛 , 曲力 编
分册:  
出版信息: 北京   人民卫生出版社  1959
页数: 74页
开本: 19cm
丛书名:
单 册:
中图分类: R139
科图分类:
主题词: 农业生产--劳动卫生
电子资源:
ISBN: 14048.2104
000 00767cam0 2200253 450
001 0105454856
005 20070905143117.0
010    @a14048.2104@dCNY0.17
091    @a14048.2104@dCNY0.17
100    @a19960416d1959 em y0chiy0110 ea
101 0  @achi
102    @aCN@b110000
105    @af z 000yy
106    @ar
200 1  @a人民公社农业生产劳动中的安全卫生@9Ren Min Gong She Nong Ye Sheng Chan Lao Dong Zhong De;Di An Quan Wei Sheng @f盖玉琛,曲力编@b专著
210    @a北京@c人民卫生出版社@d1959
215    @a74页@c图@d19cm
300    @a初级卫生人员参考读物
606 0  @a农业生产@x劳动卫生
690    @aR139@v3
701  0 @a盖玉琛@9ge yu chen@4编
701  0 @a曲力@9qu li@4编
801  0 @aCN@b上海图书馆@c19970403
905    @aBZT@dR139@e8@f1@sR139/8
    
    人民公社农业生产劳动中的安全卫生/盖玉琛,曲力编.-北京:人民卫生出版社,1959
    74页:图;19cm
    初级卫生人员参考读物
    
    ISBN 14048.2104:CNY0.17
    
●
相关链接 在五车中查询图书 在当当中查询图书 在豆瓣中查询图书


正题名:人民公社农业生产劳动中的安全卫生     索取号:R139/8         预约/预借

序号 登录号 条形码 馆藏地/架位号 状态 备注
1 2000080105   2000080105   旧书回溯/ [索取号:R139/8] 在馆    
山东省滨州职业学院图书馆 欢迎您!
大连网信软件有限公司© 版权所有